[Event "Gibraltar Masters 2019"]
[Site "Caleta ENG"]
[Date "2019.01.31"]
[Round "10.98"]
[White "Kandic,Mila"]
[Black "Heinemann,Josefine"]
[Result "1-0"]
[WhiteElo "2136"]
[BlackElo "2304"]

1.e4 c5 2.Nf3 d6 3.d4 cxd4 4.Nxd4 Nf6 5.Nc3 a6 6.Bc4 e6 7.Bb3 b5 8.O-O Nbd7
9.Bg5 Bb7 10.Re1 Nc5 11.Bd5 exd5 12.exd5+ Kd7 13.b4 Rc8 14.bxc5 Rxc5 15.Bxf6 gxf6
16.Qf3 Kc7 17.Rab1 Qd7 18.Ne4 Rxd5 19.Qc3+ Rc5 20.Nxc5 dxc5 21.Rbd1 Bd6 22.Nf3 Qc6
23.Kh1 Bf8 24.Qa5+ Kb8 25.Qd8+ Ka7 26.Re8 Rg8 27.Qb8+ Kb6 28.Qd8+ Ka7 29.Rd7 a5
30.Qa8+ Kb6 31.Rxb7+ Qxb7 32.Rb8 Qxb8 33.Qxb8+ Kc6 34.Qe8+  1-0

[Event "Gibraltar Masters 2019"]
[Site "Caleta ENG"]
[Date "2019.01.31"]
[Round "10.96"]
[White "Torres,Federico"]
[Black "Bianco,V"]
[Result "1/2-1/2"]
[WhiteElo "2196"]
[BlackElo "2018"]

1.e4 c5 2.Nf3 Nc6 3.d3 g6 4.g3 Bg7 5.Bg2 e5 6.O-O Nge7 7.c3 O-O 8.a3 d6 9.Nbd2 Be6
10.b4 a6 11.Ng5 Bd7 12.Rb1 h6 13.Ngf3 Be6 14.Qc2 b5 15.bxc5 dxc5 16.Rd1 Rc8
17.Nb3 Na5 18.Nfd2 Nb7 19.Nf1 Qc7 20.Ne3 c4 21.dxc4 bxc4 22.Nd2 Rfd8 23.Bf1 Nd6
24.Qa4 Qa7 25.Ndxc4 Nxe4 26.Nb6 Nxc3 27.Nxc8 Rxc8 28.Qxa6 Qc5 29.Rb5 Nxb5
30.Qxb5 Qxb5 31.Bxb5 Bb3 32.Re1 Rb8 33.a4 Nd5 34.Ng4 Nc3 35.Re3 Bxa4 36.Rxc3 Bxb5
37.Bxh6 Bd7 38.Bxg7 Bxg4 39.Bxe5 Rc8 40.Ra3 Re8 41.Bf6 Bd7 42.f3 Re6 43.Ra8+ Be8
44.g4 Rxf6 45.Rxe8+ Kg7 46.Kg2 g5 47.Rb8 Ra6 48.Rb5 Kg6 49.Rf5 Ra4 50.h4 gxh4
51.Kh3 Ra3 52.Kxh4 f6 53.Kg3 Ra2 54.Rb5 Ra7 55.f4 Rc7 56.Rb6 Kg7 57.Kh4 Ra7
58.Kh5 Ra5+ 59.f5 Ra7 60.g5 fxg5 61.Kxg5 Rc7 62.Rg6+ Kf7 63.Rh6 Rc1 64.Rh7+ Kg8
65.Re7 Rc6 66.Re6 Rc7 67.Kf6 Rf7+ 68.Ke5 Ra7 69.Kf6 Rf7+ 70.Kg5 Ra7 71.Rg6+ Kf7
72.Rh6 Ra1 73.Rh7+ Kg8 74.Rc7 Ra6 75.f6 Ra1  1/2-1/2

[Event "Gibraltar Masters 2019"]
[Site "Caleta ENG"]
[Date "2019.01.31"]
[Round "10.95"]
[White "Warakomska,A"]
[Black "Herzwurm,R"]
[Result "1-0"]
[WhiteElo "2209"]
[BlackElo "2021"]

1.e4 e6 2.d4 d5 3.e5 c5 4.c3 Nc6 5.Nf3 Qb6 6.Na3 Bd7 7.Nc2 f6 8.Be2 fxe5
9.dxe5 O-O-O 10.O-O Qc7 11.Bf4 g6 12.b4 Bg7 13.bxc5 Rf8 14.Bg3 h5 15.Ncd4 Nxe5
16.c6 bxc6 17.Rb1 Nxf3+ 18.Nxf3 e5 19.Ba6+ Kd8 20.Rb7 Qd6 21.Re1 Rxf3 22.Qxf3 h4
23.Bxh4+ Rxh4 24.Qf7 Nf6 25.Qxg7 e4 26.g3 Rh7 27.Rxd7+  1-0

[Event "Gibraltar Masters 2019"]
[Site "Caleta ENG"]
[Date "2019.01.31"]
[Round "10.115"]
[White "Munoz,Ra"]
[Black "Dasaolu,R"]
[Result "1-0"]
[WhiteElo "2040"]
[BlackElo "2038"]

1.e4 c5 2.Nf3 e6 3.d4 cxd4 4.Nxd4 a6 5.Nc3 Qc7 6.a3 Nf6 7.Be3 d6 8.Be2 Be7
9.O-O Nc6 10.f4 O-O 11.Kh1 Nxd4 12.Bxd4 e5 13.Be3 b5 14.f5 Bb7 15.Bf3 Rac8
16.Rf2 Bc6 17.g4 Qb7 18.Qd3 h6 19.g5 hxg5 20.Bxg5 Rfd8 21.Rg1 Kf8 22.Rfg2 a5
23.b4 Ra8 24.Bd2 axb4 25.axb4 Ra3 26.Rxg7 Rxc3 27.Bxc3 d5 28.Bxe5 dxe4 29.Bxf6  1-0

[Event "Gibraltar Masters 2019"]
[Site "Caleta ENG"]
[Date "2019.01.31"]
[Round "10.116"]
[White "Christophe Hayot,R"]
[Black "Gravett,A"]
[Result "1/2-1/2"]
[WhiteElo "1729"]
[BlackElo "1840"]

1.d4 c5 2.d5 d6 3.g3 Nf6 4.Bg2 g6 5.Nf3 Bg7 6.O-O O-O 7.c4 Na6 8.a3 Nc7 9.Nc3 Rb8
10.e4 a6 11.Re1 b5 12.e5 Ng4 13.exd6 exd6 14.h3 Ne5 15.Nxe5 Bxe5 16.Rxe5 dxe5
17.Ne4 Ne6 18.Bh6 Ng7 19.b3 bxc4 20.bxc4 f5 21.Ng5 Qd6 22.Qe2 e4 23.Re1 Qf6
24.Qd2 Rb2 25.Qf4 Qd4 26.Rf1 Qxc4 27.Qc7 Qd4 28.d6 Rb7 29.Qc6 Rd8 30.d7 Qxd7
31.Qxc5 Rb5 32.Qc4+ Qd5 33.Qc3 Qd4 34.Qc7 Rb7 35.Qc6 Qb6 36.Qc4+ Be6 37.Qc3 Rd3
38.Qf6 Bc4 39.Bxg7 Qxf6 40.Bxf6 Rd6 41.Rc1 Rxf6 42.h4 Bd3 43.Rc8+ Rf8 44.Rc6 Rb1+
45.Kh2 Ra1 46.Ne6 Re8 47.Nf4 Rxa3 48.Nd5 Rf8 49.h5 gxh5 50.Nf6+ Rxf6 51.Rxf6 Ra2
52.Rxf5 Kg7 53.Rf4 a5 54.Kg1 Ra1+ 55.Kh2 Re1 56.Bh3 a4 57.Be6 a3 58.Rf7+ Kg6
59.Ra7 Re2 60.Kg1 e3 61.fxe3 Rxe3 62.Bf7+ Kf6 63.Bxh5 Bc4 64.Kf2 Rc3 65.Be2 Bf7
66.Ra6+ Kg7 67.Ra7 a2 68.Bh5 Rc1 69.Bxf7 a1=Q 70.Rxa1 Rxa1 71.Bd5 Kf6 72.Bf3  1/2-1/2

[Event "Gibraltar Masters 2019"]
[Site "Caleta ENG"]
[Date "2019.01.31"]
[Round "10.87"]
[White "Repka,C"]
[Black "Koehler,G2"]
[Result "1-0"]
[WhiteElo "2491"]
[BlackElo "2184"]

1.d4 Nf6 2.Nf3 d6 3.Nc3 g6 4.Bf4 Nh5 5.Bg5 h6 6.Bh4 g5 7.Bg3 Bg7 8.e4 Nc6
9.d5 Nxg3 10.hxg3 Ne5 11.Nd4 c5 12.Nf5 Bxf5 13.exf5 Qb6 14.Bb5+ Nd7 15.O-O O-O-O
16.a4 Qa5 17.Qh5 Rhf8 18.Rae1 Bxc3 19.bxc3 Nf6 20.Qf3 a6 21.Bc4 Rd7 22.Qd3 Ng4
23.f4 Rg8 24.Bb3 Nf6 25.Re2 Kd8 26.c4 Nh5 27.Re3 Nf6 28.Qe2 Rc7 29.Re1 Rd7
30.c3 Re8 31.fxg5 hxg5 32.g4 Qb6 33.Bd1 Qa5 34.Qa2 Rh8 35.Qf2 Re8 36.Qg3 Kc7
37.Qh2 Kd8 38.Kf1 b5 39.axb5 axb5 40.Qh6 Rg8 41.Rxe7 Rxe7 42.Qxf6 Qc7 43.cxb5 Re8
44.Bf3 Kc8 45.Ra1 Kb7 46.Ra6 Rd7 47.Qxg5 Ra8 48.Be2 Rxa6 49.bxa6+ Ka7 50.f6 Qa5
51.Qe3 Qa1+ 52.Kf2 Qb1 53.Qe8 Rc7 54.Qd8 Qb6 55.Bc4 Qb2+ 56.Be2 Qb6 57.Bb5 c4+
58.Kf3 Qc5 59.Ke4 Rc8 60.Qe7+ Rc7 61.Bc6 Rxe7+ 62.fxe7 Qf2 63.e8=Q f5+ 64.gxf5 Qxg2+
65.Kf4  1-0

[Event "Gibraltar Masters 2019"]
[Site "Caleta ENG"]
[Date "2019.01.31"]
[Round "10.86"]
[White "Stijve,Theo"]
[Black "Tejaswini,S"]
[Result "1/2-1/2"]
[WhiteElo "2339"]
[BlackElo "2190"]

1.e4 e5 2.Nf3 Nc6 3.Bb5 a6 4.Ba4 Nf6 5.d3 b5 6.Bb3 Be7 7.Nc3 d6 8.a3 Na5
9.Ba2 Be6 10.Nd5 Nxd5 11.Bxd5 Bxd5 12.exd5 O-O 13.b4 Nb7 14.O-O f5 15.Bb2 Qd7
16.Qd2 Bf6 17.c4 Rae8 18.Rac1 h6 19.Qc2 Rf7 20.cxb5 axb5 21.Qc6 Nd8 22.Qxd7 Rxd7
23.Rfe1 g5 24.Nd4 e4 25.Re2 Bxd4 26.Bxd4 Kf7 27.g4 fxg4 28.dxe4 Kg6 29.Kg2 Nf7
30.f3 gxf3+ 31.Kxf3 Ne5+ 32.Kg3 Rf7 33.Rc3 h5 34.Rf2 Rxf2 35.Bxf2 Re7 36.Ba7 Nc4
37.Bb8 Rxe4 38.Bxc7 Re7 39.Ba5 Re3+ 40.Rxe3 Nxe3 41.Kf3 Nxd5 42.Ke4 Nc3+
43.Kd3 Na4 44.Bc7 Kf5 45.Bxd6 Ke6 46.Bc7 Kd5 47.Bd8 g4 48.Ke3 Nb2 49.Kf4 Nc4
50.Kg5 Ke6 51.Kxh5 Kf5 52.Kh4 Nxa3 53.Kg3 Nc2 54.Be7 Ne3 55.Bc5 Nd5 56.Kg2  1/2-1/2

[Event "Gibraltar Masters 2019"]
[Site "Caleta ENG"]
[Date "2019.01.31"]
[Round "10.85"]
[White "Gutierrez Olivares,D"]
[Black "Pinho,P"]
[Result "1-0"]
[WhiteElo "2320"]
[BlackElo "2205"]

1.e4 c5 2.a3 g6 3.Nc3 Bg7 4.Bc4 Nc6 5.Nf3 e6 6.O-O Nge7 7.Ba2 a6 8.d3 O-O
9.Bf4 d6 10.Rb1 b5 11.h3 Bb7 12.Qd2 Qc7 13.Ne2 Rfd8 14.Bh6 d5 15.Bxg7 dxe4
16.Ng5 Kxg7 17.Bxe6 Qe5 18.Ba2 c4 19.f4 Qc5+ 20.Kh2 exd3 21.Qc3+ Kg8 22.Ne4 Qb6
23.Nf6+  1-0

[Event "Gibraltar Masters 2019"]
[Site "Caleta ENG"]
[Date "2019.01.31"]
[Round "10.84"]
[White "Goriatchkin,J"]
[Black "Srija,S"]
[Result "1/2-1/2"]
[WhiteElo "2325"]
[BlackElo "2210"]

1.e4 e5 2.Nf3 Nc6 3.d4 exd4 4.Nxd4 Bc5 5.Be3 Qf6 6.c3 Nge7 7.Bc4 b6 8.O-O O-O
9.Nxc6 Qxc6 10.Bxc5 Qxc5 11.Qd4 Qc6 12.Nd2 Bb7 13.Rae1 Rad8 14.Bd3 d5 15.e5 Qh6
16.f4 c5 17.Qf2 f5 18.exf6 Qxf6 19.Nf3 Ng6 20.Bxg6 Qxg6 21.Re7 Ba6 22.Rfe1 Rxf4
23.Rxa7 Bb5 24.Ree7 Qb1+ 25.Re1 Qg6 26.Ree7 Qb1+ 27.Re1 Qg6 28.Ree7  1/2-1/2

[Event "Gibraltar Masters 2019"]
[Site "Caleta ENG"]
[Date "2019.01.31"]
[Round "10.83"]
[White "Stewart,Ashley"]
[Black "Povah,N"]
[Result "0-1"]
[WhiteElo "2122"]
[BlackElo "2329"]

1.c4 e5 2.g3 Nf6 3.Bg2 c6 4.Nf3 e4 5.Nd4 Qb6 6.Nb3 a5 7.d3 a4 8.N3d2 exd3
9.exd3 d5 10.O-O Be7 11.cxd5 cxd5 12.Nc3 Qa5 13.Re1 Nc6 14.b4 Nxb4 15.Rxe7+ Kxe7
16.Ba3 Kd8 17.Nc4 dxc4 18.dxc4+ Bd7 19.Rb1 Nc6 20.Nb5 Ne8 21.Bh3 Nb8 22.Qd4 Ra6
23.Rd1 Nf6 24.Nd6 Rxd6 25.Qxd6 Kc8 26.Bg2 Re8 27.Bb4 Qc7 28.Qd3 Qe5 29.Rc1 Nc6
30.Bc3 Qc5 31.Rd1 Bf5 32.Qf1 Rd8 33.Rc1 Bd3 34.Qe1 Re8 35.Qd2 Be4 36.Bh3+ Bf5
37.Qg5 Ne7 38.Re1 h6 39.Bxf5+ Qxf5 40.Qxg7 Ne4 41.Bd4 Nc6 42.Bb6 Ne5 43.Rd1 Qh5
44.Rd5 Ng5 45.h4 Nef3+ 46.Kg2 Nxh4+ 47.gxh4 Qf3+ 48.Kh2 Qh3+  0-1

[Event "Gibraltar Masters 2019"]
[Site "Caleta ENG"]
[Date "2019.01.31"]
[Round "10.82"]
[White "Weisbuch,U"]
[Black "Tate,A"]
[Result "1/2-1/2"]
[WhiteElo "2172"]
[BlackElo "2335"]

1.e4 c5 2.Nf3 d6 3.Bb5+ Nd7 4.d4 Nf6 5.O-O cxd4 6.Qxd4 a6 7.Bxd7+ Nxd7 8.c4 Qb6
9.Qd3 e6 10.b3 Be7 11.Nc3 O-O 12.Rb1 Qc7 13.Rd1 Ne5 14.Qe3 Bd7 15.Nd4 Rfd8
16.a4 Be8 17.Qg3 Ng6 18.Bb2 Qc5 19.Rbc1 Qh5 20.h3 Qg5 21.Qxg5 Bxg5 22.Rc2 Rac8
23.Ba3 Be7 24.Rcd2 Bg5 25.Rc2 Be7 26.Rcd2 Bg5 27.Rc2 Be7 28.Rcd2 Bg5 29.Rc2 Be7
30.Rcd2 Bg5  1/2-1/2

[Event "Gibraltar Masters 2019"]
[Site "Caleta ENG"]
[Date "2019.01.31"]
[Round "10.81"]
[White "Ramasindraibe,Girard"]
[Black "Dhulipalla,Bala Chandra Prasad"]
[Result "0-1"]
[WhiteElo "2129"]
[BlackElo "2341"]

1.d4 d5 2.c4 e6 3.Nf3 a6 4.cxd5 exd5 5.Bg5 Nf6 6.e3 Be7 7.Be2 h6 8.Bh4 O-O
9.O-O c6 10.Qc2 Be6 11.Nc3 Nbd7 12.Rab1 a5 13.a3 Re8 14.Rfc1 Bg4 15.b4 Ne4
16.Bg3 Ndf6 17.Ne5 Nxc3 18.Nxg4 Nxb1 19.Rxb1 Ne4 20.Ne5 axb4 21.axb4 Bd6
22.Bf4 Ra3 23.Bh5 Bxe5 24.Bxe5 Qh4 25.Bf3 Nc3 26.Rc1 Rea8 27.g3 Qe7 28.g4 Qxb4
29.Kg2 Qe7 30.Qf5 Ne4 31.Rc2 g6 32.Qf4 f6 33.Bb8 g5 34.Qc7 Qxc7 35.Bxc7 Rc8
36.Bb6 Rb3 37.Ba5 Kf7 38.Be2 b6 39.Be1 Rb1 40.Kf1 Ke6 41.f3 Nd6 42.Kg2 Rxe1  0-1

[Event "Gibraltar Masters 2019"]
[Site "Caleta ENG"]
[Date "2019.01.31"]
[Round "10.80"]
[White "Phadke,So1"]
[Black "Belenkaya,D"]
[Result "1/2-1/2"]
[WhiteElo "2191"]
[BlackElo "2357"]

1.e4 c6 2.d4 d5 3.exd5 cxd5 4.c4 Nf6 5.Nc3 g6 6.cxd5 Bg7 7.Bc4 O-O 8.Nge2 Na6
9.O-O Nc7 10.d6 Qxd6 11.Bf4 Qd8 12.d5 Nce8 13.Bb3 Nd6 14.Be5 Bd7 15.Ng3 Rc8
16.Qd4 Qa5 17.Rfe1 Rfe8 18.Qf4 Qa6 19.Bd4 Nc4 20.Re2 b5 21.Rd1 b4 22.Nce4 Nxd5
23.Qh4 e5 24.Nc5 Qf6 25.Qxf6 Nxf6 26.Nxd7 Nxd7 27.Bxa7 Nf6 28.Ne4 Nxe4 29.Rxe4 Nxb2
30.Rb1 Bf8 31.g3 Nd3 32.Rd1 Red8 33.Re3 Nc5 34.Rxe5 Re8 35.Red5 Ne6 36.R5d3  1/2-1/2

[Event "Gibraltar Masters 2019"]
[Site "Caleta ENG"]
[Date "2019.01.31"]
[Round "10.79"]
[White "Lane,G"]
[Black "Abdulraheem,Abdulrahman Akintoye"]
[Result "0-1"]
[WhiteElo "2358"]
[BlackElo "2224"]

1.e4 e5 2.Nf3 Nc6 3.Bb5 Bc5 4.O-O Qf6 5.c3 Nge7 6.Re1 a6 7.Ba4 b5 8.Bc2 h6
9.d4 Ba7 10.Be3 d6 11.a4 exd4 12.Nxd4 Nxd4 13.cxd4 b4 14.e5 dxe5 15.dxe5 Qc6
16.Nd2 Bxe3 17.Rxe3 Bf5 18.Rc1 Bxc2 19.Qxc2 Qxc2 20.Rxc2 O-O 21.e6 Nd5 22.exf7+ Rxf7
23.Re5 Rd8 24.g3 Kh7 25.Ne4 Nb6 26.a5 Rd1+ 27.Kg2 Nd7 28.Re6 Rb1 29.Rxa6 Ne5
30.Re6 Nd3 31.Re2 Rf5 32.a6 Ra5 33.Rd2 Ne1+ 34.Kh3 Rba1 35.Nf6+ gxf6 36.Rxf6 Rh5+
37.Kg4 Rg5+ 38.Kf4 Rg7 39.Re6 Rf7+ 40.Ke3 Nf3 41.Re2 Ng1  0-1

[Event "Gibraltar Masters 2019"]
[Site "Caleta ENG"]
[Date "2019.01.31"]
[Round "10.78"]
[White "Krishna Teja,N"]
[Black "Dolzhikova,O"]
[Result "1/2-1/2"]
[WhiteElo "2371"]
[BlackElo "2224"]

1.d4 e6 2.c4 b6 3.e4 Bb7 4.Bd3 Bb4+ 5.Bd2 Bxd2+ 6.Nxd2 f5 7.Qh5+ g6 8.Qe2 Nc6
9.Ngf3 Qf6 10.e5 Qg7 11.O-O Nge7 12.Qe3 O-O 13.Nb1 Nb4 14.Nc3 Nxd3 15.Qxd3 g5
16.Rfe1 g4 17.Nh4 Qh6 18.g3 Ng6 19.Nxg6 hxg6 20.d5 Rf7 21.Re2 Rh7 22.f4 gxf3
23.Qxf3 c6 24.dxe6 dxe6 25.Rd1 c5 26.Qf2 Qg7 27.Rd6 Re8 28.Qe1 Ba8 29.Qf2 Qb7
30.Kf1 Qh1+ 31.Qg1 Qf3+ 32.Ke1 g5 33.Red2 Qg4 34.Rd8 Re7 35.Qe3 Kf8 36.Nb5 Bc6
37.Rxe8+ Kxe8 38.Nd6+ Kf8 39.b3 Kg7 40.Nc8 Rc7 41.Rd8 Qe4 42.Qxe4 Bxe4 43.Nd6 Bc6
44.Rc8 Rxc8 45.Nxc8 a6 46.Nxb6 Kg6 47.Kf2 Kh5 48.Nc8 Kg4 49.a3 a5 50.Na7 Be4
51.Nb5 f4 52.Nd6 Bc2 53.Nb7 Bxb3 54.Nxa5 Ba2 55.Nb7 Kf5 56.Nxc5 Bxc4 57.a4 Kxe5
58.gxf4+ gxf4 59.a5 Kd4 60.Nb7 e5 61.Nd6 Bd3 62.Kf3 Kd5 63.Ne8 Be4+ 64.Kg4 Kd4
65.a6 f3 66.Kg3 Bc6 67.Nd6 Ke3 68.Nf5+ Ke2 69.a7 f2 70.Kg4 f1=Q 71.Ng3+ Kf2
72.Nxf1 Kxf1 73.h4 e4 74.h5 e3 75.h6 e2 76.h7 e1=Q 77.h8=Q Qe2+ 78.Kg5 Qe3+
79.Kf5 Bd7+ 80.Kg6 Be8+ 81.Kf5 Bd7+ 82.Kg6 Qe4+ 83.Kg7 Qe5+ 84.Kg8 Be6+ 85.Kh7 Qh5+
86.Kg7 Qg5+ 87.Kf8 Qf5+ 88.Ke7 Qf7+ 89.Kd6 Qd7+ 90.Kc5 Qxa7+ 91.Kb4 Qb6+
92.Kc3 Qc5+ 93.Kd2 Qd5+ 94.Kc3 Qa5+ 95.Kd3 Bf5+ 96.Kc4 Be6+ 97.Kd3 Qb5+ 98.Kd2 Qe2+
99.Kc3 Qe1+ 100.Kc2 Bf5+ 101.Kb3 Be6+ 102.Kc2  1/2-1/2

[Event "Gibraltar Masters 2019"]
[Site "Caleta ENG"]
[Date "2019.01.31"]
[Round "10.77"]
[White "Lombaers,P"]
[Black "Schippers,Maurice"]
[Result "1/2-1/2"]
[WhiteElo "2372"]
[BlackElo "2276"]

1.c4 g6 2.g3 Bg7 3.Bg2 c5 4.Nc3 Nc6 5.a3 e6 6.b4 d6 7.Rb1 Nge7 8.Nf3 O-O
9.O-O b6 10.Qb3 Bb7 11.e3 Nf5 12.Bb2 Qe7 13.Na4 Rac8 14.Bxg7 Kxg7 15.Qb2+ Kg8
16.d3 g5 17.Nd2 f6 18.Ne4 Ne5 19.Qe2 cxb4 20.axb4 d5 21.cxd5 Bxd5 22.Nac3 Bb7
23.b5 a5 24.Na4 Nd7 25.Qb2 Bd5 26.Rfc1 Nd6 27.Nxd6 Qxd6 28.Qd4 Qe5 29.Qxe5 Rxc1+
30.Rxc1 Nxe5 31.Bxd5 exd5 32.Nxb6 Nxd3 33.Ra1 Rb8 34.Nxd5 Rxb5 35.Nxf6+ Kf7
36.Nxh7 g4 37.Rd1 Nb2 38.Rd7+ Ke6 39.Ra7 Nc4 40.h3 gxh3 41.Kh2 Rf5 42.f4 Nxe3
43.Ng5+ Kd6 44.Kxh3 Kc6 45.Re7 Nd5 46.Re6+ Kb5 47.Ne4 Nxf4+ 48.gxf4  1/2-1/2

[Event "Gibraltar Masters 2019"]
[Site "Caleta ENG"]
[Date "2019.01.31"]
[Round "10.76"]
[White "Arakhamia-Grant,K"]
[Black "Solozhenkina,Elizaveta"]
[Result "1/2-1/2"]
[WhiteElo "2372"]
[BlackElo "2279"]

1.e4 c5 2.Nf3 d6 3.Bb5+ Nd7 4.a4 Nf6 5.Nc3 a6 6.Bc4 b6 7.d4 Bb7 8.d5 g6 9.O-O Bg7
10.Re1 O-O 11.h3 Ne8 12.Bf4 Ne5 13.Nxe5 dxe5 14.Bh2 Nd6 15.Bf1 Qd7 16.Qe2 Rad8
17.Rad1 Kh8 18.g4 f6 19.Qe3 Nf7 20.f3 Bh6 21.Qf2 Qc7 22.b3 Rg8 23.Kh1 Bf4
24.Bg1 Rc8 25.Ne2 h5 26.gxh5 g5 27.Ng3 Rg7 28.h4 Bxg3 29.Qxg3 Rcg8 30.Bh3 Bc8
31.Bf2 gxh4 32.Qxh4 Bxh3 33.Qxh3 Ng5 34.Qg4 Qd8 35.Be3 Qe8 36.Rd2 Nh7 37.Qh4 Rg3
38.Rf1 Qc8 39.Rh2 a5 40.c4 Qd7 41.h6 Qe8 42.Qh5 Qxh5 43.Rxh5 Nf8 44.Bg1 Kh7
45.Bh2 Rg2 46.f4 exf4 47.Bxf4 Ng6 48.Bc7 Rg4 49.Rh3 Nh4 50.Bxb6 Nf3 51.Bxc5 Ng5
52.Rh2 Nxe4 53.Bf2 Rf4 54.Rg2 Ng3+ 55.Rxg3 Rxg3 56.Bxg3 Rxf1+ 57.Kg2 Rb1
58.Bc7 Rxb3 59.Bxa5 Rb2+ 60.Kf3 Rc2 61.Bb4 Rxc4 62.Bxe7 Rxa4 63.Bxf6 Kxh6
64.d6 Ra6 65.Be7  1/2-1/2

[Event "Gibraltar Masters 2019"]
[Site "Caleta ENG"]
[Date "2019.01.31"]
[Round "10.75"]
[White "Priyanka,Nutakki"]
[Black "Merario Alarcon,Andres"]
[Result "0-1"]
[WhiteElo "2195"]
[BlackElo "2405"]

1.c4 e6 2.Nf3 d5 3.e3 Nf6 4.Nc3 Be7 5.b3 O-O 6.Bb2 dxc4 7.Bxc4 a6 8.d4 b5
9.Bd3 Bb7 10.O-O Nbd7 11.Qe2 c5 12.Rfd1 Qb6 13.Rac1 Rfd8 14.Ne5 Rac8 15.dxc5 Nxc5
16.Bb1 b4 17.Rxd8+ Qxd8 18.Nd1 Qd5 19.f3 Qd8 20.Nf2 Nd5 21.Nfd3 a5 22.Bd4 Nxd3
23.Rxc8 Qxc8 24.Qxd3 Qc1+ 25.Kf2 f5 26.Qb5 Qd2+ 27.Kf1 Qc1+ 28.Ke2 Qxe3+
29.Bxe3 Nc3+ 30.Kd2 Nxb5 31.Bd3 Nc3 32.Bc4 Nd5 33.Bxd5 Bxd5 34.Bb6 a4 35.bxa4 Bd6
36.Nd3 Bxa2 37.Bc5 Bc7 38.Bxb4 Bxh2 39.a5 Bc4 40.Kc3 Bb5 41.Nc5 Kf7 42.a6 Bb8
43.Ba5 Ba7 44.Bb4 g5 45.Kd2 h5 46.Ke1 Bc4 47.Kd2 h4 48.Ke1 Kg6 49.Ba3 Kh5
50.Bb4 g4 51.fxg4+ Kxg4 52.Kf2 Bxa6 53.Ba3 Bc4 54.Bb4 e5 55.Kg1 e4 56.Kf2 f4
57.Kg1 e3 58.Ne4 Bd4 59.Be1 Bd3 60.Nd6 h3  0-1

[Event "Gibraltar Masters 2019"]
[Site "Caleta ENG"]
[Date "2019.01.31"]
[Round "10.74"]
[White "Welling,G"]
[Black "Danielian,E"]
[Result "1/2-1/2"]
[WhiteElo "2299"]
[BlackElo "2427"]

1.b3 Nf6 2.Bb2 g6 3.Nf3 Bg7 4.e3 O-O 5.Be2 c5 6.c4 b6 7.O-O Bb7 8.Nc3 d5
9.Nxd5 Nxd5 10.Bxg7 Kxg7 11.cxd5 Qxd5 12.d4 Nc6 13.dxc5 Qxc5 14.Rc1 Qf5 15.Bd3 Qf6
16.Be4 Rfd8 17.Qe2 Na5 18.Bxb7 Nxb7 19.Rfd1 Nc5 20.h3 Rac8 21.Rxd8 Rxd8 22.b4 Ne4
23.Qc2 Nd6 24.Qd2 e5 25.Qd5 e4 26.Nd4 Nf5 27.Nxf5+ gxf5 28.Qb3 Rd2 29.Rd1 Qb2
30.Rxd2 Qxd2 31.g3 Kg6 32.a4 a6 33.b5 a5 34.Qc4 Qd1+ 35.Kg2 Qf3+ 36.Kg1 Qd1+
37.Kh2 h5 38.Qc6+ f6 39.Qe8+ Kg7 40.Qe7+ Kg6 41.Qe8+ Kg7 42.Qe7+  1/2-1/2

[Event "Gibraltar Masters 2019"]
[Site "Caleta ENG"]
[Date "2019.01.31"]
[Round "10.73"]
[White "Gavrilescu,David"]
[Black "Aguilar,A"]
[Result "1-0"]
[WhiteElo "2479"]
[BlackElo "2307"]

1.e4 c5 2.Nf3 Nc6 3.Bb5 g6 4.Bxc6 dxc6 5.d3 Bg7 6.h3 e5 7.O-O Ne7 8.Be3 b6
9.Nbd2 f6 10.a3 Qc7 11.b4 f5 12.Nc4 f4 13.Bc1 b5 14.Na5 Bf6 15.Bb2 h5 16.c4 g5
17.Nh2 g4 18.hxg4 hxg4 19.Nxg4 Bxg4 20.Qxg4 Kf7 21.cxb5 Rag8 22.Qf3 Ng6 23.d4 Nh4
24.Qb3+ Kf8 25.Rfd1 Qg7 26.Kf1 Qxg2+ 27.Ke2 Qxe4+ 28.Kd2 Rg2 29.dxe5 Bg5
30.Qd3 Rxf2+ 31.Kc1 Qxd3 32.Rxd3 Ng6 33.Kb1 Rh1+ 34.Ka2 Rhh2 35.Rb1 cxb5
36.bxc5 Nxe5 37.Rd5 Bf6 38.Kb3 Rh3+ 39.Kb4 Nd3+ 40.Rxd3 Rxd3 41.Bxf6 Kf7
42.Ba1 Rc2 43.Rf1 f3 44.Nc6 Ke8 45.Nxa7 Rd5 46.Nxb5 Rdxc5 47.Rxf3 R2c4+ 48.Ka5 Kd7
49.Bc3 Rc8 50.Rd3+ Ke6 51.Rd6+ Kf5 52.Bb4 Ra8+ 53.Kb6 Rc1 54.Nd4+ Ke4 55.Nb3 Rcc8
56.Na5 Rcb8+ 57.Kc5 Rc8+ 58.Nc6 Rc7 59.Kb6 Rh7 60.Rd4+ Kf5 61.Bc5 Rh1 62.Kb7 Rah8
63.a4 Rb1+ 64.Bb4 Rh7+ 65.Kb6 Ra1 66.a5 Rh6 67.Rc4 Ra4 68.Kb5 Ra2 69.a6 Rh7
70.Kb6 Ke6 71.a7 Rh8 72.Re4+ Kf5 73.Rd4 Rc8 74.Ne7+ Ke5 75.Rd5+ Ke4 76.Nxc8 Rxa7
77.Rd2 Rh7 78.Bc5 Kf4 79.Nd6 Rh1 80.Kc6 Rh5 81.Bd4 Ra5 82.Rf2+ Kg5 83.Ne4+ Kg4
84.Nc5 Ra8 85.Kd5 Rd8+ 86.Ke4 Kg3 87.Rf1 Kh2 88.Nd3 Re8+ 89.Be5+ Kg2 90.Rf2+ Kg1
91.Ra2 Rd8 92.Nf4 Re8 93.Nh3+ Kf1 94.Ng5 Ke1 95.Nf3+ Kd1 96.Kd3 Rd8+ 97.Bd4 Rc8
98.Bc3 Rd8+ 99.Nd4 Ra8 100.Rxa8  1-0

[Event "Gibraltar Masters 2019"]
[Site "Caleta ENG"]
[Date "2019.01.31"]
[Round "10.72"]
[White "Valhondo Morales,R"]
[Black "Ubilava,E"]
[Result "0-1"]
[WhiteElo "2231"]
[BlackElo "2495"]

1.e4 d6 2.d4 g6 3.Nf3 Bg7 4.Bc4 e6 5.Qe2 a6 6.O-O Ne7 7.c3 O-O 8.Rd1 Nd7
9.Nbd2 c5 10.dxc5 dxc5 11.a4 b6 12.Bb3 Nc6 13.Nc4 Qc7 14.Nd6 Nde5 15.Nxc8 Rfxc8
16.Bf4 Nxf3+ 17.Qxf3 Be5 18.Bxe5 Nxe5 19.Qg3 c4 20.Bc2 Rd8 21.Rd4 Rac8 22.Rad1 Rxd4
23.cxd4 Nd7 24.Qe3 b5 25.axb5 axb5 26.h4 b4 27.d5 exd5 28.exd5 b3 29.Be4 Qe5
30.d6 Qxb2 31.Qa7 Qe2 32.Bf3 Qe6 33.Bd5 Qf5 34.Qa6 Rb8 35.Qxc4 b2 36.Be4 b1=Q
37.Bxb1 Rxb1 38.Qc8+ Nf8  0-1

[Event "Gibraltar Masters 2019"]
[Site "Caleta ENG"]
[Date "2019.01.31"]
[Round "10.71"]
[White "Shachar,E"]
[Black "Lim,Z"]
[Result "1/2-1/2"]
[WhiteElo "2391"]
[BlackElo "2178"]

1.e4 c5 2.Nf3 e6 3.d3 Nc6 4.g3 Nf6 5.Bg2 Be7 6.O-O O-O 7.Re1 d6 8.d4 cxd4
9.Nxd4 Nxd4 10.Qxd4 Qc7 11.c4 Bd7 12.Nc3 a6 13.a4 Ng4 14.Qd1 Ne5 15.b3 b5
16.axb5 axb5 17.Rxa8 Rxa8 18.Nxb5 Bxb5 19.cxb5 Ra1 20.Qd2 Qc5 21.Bb2 Rxe1+
22.Qxe1 Nd3 23.Qd2 Nxb2 24.Qxb2 Qxb5 25.Bf1 Qb4 26.Qc2 g6 27.Bc4 Bf6 28.Qd1 Kg7
29.h4 h5 30.Kg2 Qc5 31.Qe2 Qd4 32.f4 Qc5 33.Qf3 Bd8 34.Qd3 Be7 35.Kf3 Bf6
36.Kg2 Be7 37.Qf3 Bd8 38.Bd3 Qb4 39.Be2 Qc5 40.f5 exf5 41.exf5 Qxf5 42.Qxf5 gxf5
43.Bxh5 f4 44.Bf3 fxg3 45.Kxg3 Ba5 46.Kf4 Kf6 47.Ke4 Be1 48.h5 Kg5 49.Kd5 Bb4
50.Kc4 Bc5 51.b4 Be3 52.Kd5 f5 53.Kxd6 Kh6 54.b5 f4 55.Kc6  1/2-1/2

[Event "Gibraltar Masters 2019"]
[Site "Caleta ENG"]
[Date "2019.01.31"]
[Round "10.70"]
[White "Sukandar,I"]
[Black "Giemsa,S"]
[Result "1/2-1/2"]
[WhiteElo "2397"]
[BlackElo "2275"]

1.d4 Nf6 2.Bf4 d5 3.e3 e6 4.Nd2 c5 5.c3 Bd6 6.Bg3 O-O 7.Ngf3 Qc7 8.Bd3 Nbd7
9.O-O Bxg3 10.hxg3 e5 11.dxe5 Nxe5 12.Nxe5 Qxe5 13.Qf3 b6 14.Qf4 Re8 15.Rfe1 Bb7
16.Rad1 h6 17.Bb5 Re7 18.Nf3 Qe6 19.Bd3 Nh5 20.Qh4 Nf6 21.Nh2 Ree8 22.g4 Ne4
23.f3 Nf6 24.Bf5 Qe7 25.Nf1 g6 26.Bc2 Kg7 27.Ng3 Nh7 28.Qxe7 Rxe7 29.e4 dxe4
30.Bxe4 Rae8 31.Kf2 Bxe4 32.Rxe4 Nf6 33.Ra4 Rc8 34.Rf4 Rce8 35.Rd6 Re6 36.Rd2 R8e7
37.Ra4 Re5 38.c4 Re1 39.Ne2 Rh1 40.Ra6 h5 41.gxh5 Nxh5 42.b3 f5 43.Ng3 Nxg3
44.Kxg3 g5 45.Rd5 Kg6 46.Rd6+ Kh5 47.Rd8 f4+ 48.Kf2 Rhe1 49.g4+ fxg3+ 50.Kxg3 R7e2
51.Rxa7 Rg1+ 52.Kh3 Rh1+  1/2-1/2

[Event "Gibraltar Masters 2019"]
[Site "Caleta ENG"]
[Date "2019.01.31"]
[Round "10.69"]
[White "Erenberg,Ariel"]
[Black "Antova,Gabriela"]
[Result "1-0"]
[WhiteElo "2409"]
[BlackElo "2263"]

1.d4 Nf6 2.c4 e6 3.Nf3 d5 4.Nc3 c6 5.Bg5 h6 6.Bh4 dxc4 7.e4 g5 8.Bg3 b5 9.Be2 Bb7
10.O-O Nbd7 11.Ne5 Bg7 12.Nxf7 Kxf7 13.e5 Nd5 14.Ne4 Qb6 15.Nd6+ Ke7 16.a4 a6
17.Bf3 Raf8 18.Bxd5 cxd5 19.axb5 axb5 20.Kh1 h5 21.f4 b4 22.fxg5 h4 23.Rxf8 Rxf8
24.Bxh4 Nxe5 25.dxe5 Bxe5 26.Nxb7 Qxb7 27.Qe2 Bd4 28.g6+ Kd7 29.Rd1 Rf4 30.Bg5 Rf2
31.Qg4 Bxb2 32.Be3 Rf8 33.Qxc4 Bc3 34.Qd3 Kc6 35.Bh6 Rg8 36.Bd2 Bxd2 37.Qxd2 b3
38.Rc1+ Kd7 39.Qf4 b2 40.Rb1 Qa8 41.Qf1 Ke7 42.Rxb2 Rxg6 43.Qb1 Kf6 44.Rb8 Qa3
45.Rb3 Qc5 46.Rf3+ Ke7 47.h3 Rg5 48.Qb7+ Kd6 49.Qb8+ Qc7 50.Qb4+ Qc5 51.Qf4+ Re5
52.Qf8+ Kc6 53.Rc3  1-0

[Event "Gibraltar Masters 2019"]
[Site "Caleta ENG"]
[Date "2019.01.31"]
[Round "10.68"]
[White "Solomon,K"]
[Black "Michenka,J"]
[Result "1/2-1/2"]
[WhiteElo "2413"]
[BlackElo "2280"]

1.Nf3 Nf6 2.g3 b6 3.Bg2 Bb7 4.O-O e6 5.d3 d5 6.Nbd2 Be7 7.e4 dxe4 8.Ng5 O-O
9.Ndxe4 Nxe4 10.Nxe4 Qc8 11.Qf3 Nc6 12.Qh5 Nd4 13.c3 Nf5 14.Re1 Nd6 15.Ng5 Bxg5
16.Bxg5 Bxg2 17.Kxg2 Qb7+ 18.Qf3 f6 19.Qxb7 Nxb7 20.Bf4 e5 21.Be3 Rad8 22.Rad1 Rd7
23.d4 Rfd8 24.Rc1 exd4 25.Bxd4 Kf7 26.g4 h5 27.h3 hxg4 28.hxg4 Na5 29.Rc2 c5
30.Be3 Nc4 31.Bf4 g5 32.Bg3 Rd2 33.Re2 Rxc2 34.Rxc2 Ne5 35.Bxe5 fxe5 36.Kf3 Ke6
37.Ke3 c4 38.Rc1 Rd3+ 39.Ke2 Rh3 40.Rd1 Rh8 41.Rd2 Rf8 42.Ke3 Rh8 43.b3 Rc8
44.b4 Rh8 45.a4 Rh3+ 46.f3 Rh1 47.Rd8 Re1+ 48.Kd2 Ra1 49.Rc8 Kd5 50.Rd8+ Ke6
51.Rg8 Rxa4 52.Rg6+ Kd5 53.Rxg5 Ke6 54.Rg6+ Kd5 55.Rf6 Ra2+ 56.Kc1 Rg2 57.Kd1 e4
58.Rf5+ Ke6 59.fxe4 Rxg4 60.Rh5 Rxe4 61.Rh7 Kd6 62.Rxa7 Kc6  1/2-1/2